Sports Quiz

Random Sports or Baseball Quiz

MLB Rookie of the Year Name Match AL Quiz Stats

 Plays Quiz not verified by Sporcle

Score 0/126 Timer 08:00
0 Plays Today
First/Last Full Name % Correct
RipkenCal Ripken
99%
CalCal Ripken
99%
GarciaparraNomar Garciaparra
97.7%
NomarNomar Garciaparra
97.7%
MarkMark McGwire
97.7%
McGwireMark McGwire
97.7%
IchiroIchiro Suzuki
97%
SuzukiIchiro Suzuki
97%
DustinDustin Pedroia
96.7%
PedroiaDustin Pedroia
96.7%
CarltonCarlton Fisk
96.4%
FiskCarlton Fisk
96.4%
DerekDerek Jeter
95.7%
JeterDerek Jeter
95.7%
EvanEvan Longoria
95.4%
LongoriaEvan Longoria
95.4%
CarlosCarlos Beltran
95.2%
BeltranCarlos Beltran
95.2%
JoseJose Canseco
95.2%
CansecoJose Canseco
95.2%
PiniellaLou Piniella
94.7%
LouLou Piniella
94.7%
AlomarSandy Alomar
93.9%
SandySandy Alomar
93.9%
CarewRod Carew
93.1%
RodRod Carew
93.1%
OzzieOzzie Guillen
92.4%
GuillenOzzie Guillen
92.4%
KnoblauchChuck Knoblauch
91.9%
ChuckChuck Knoblauch
91.9%
VerlanderJustin Verlander
91.4%
JustinJustin Verlander
91.4%
EddieEddie Murray
89.8%
MurrayEddie Murray
89.8%
HinskeEric Hinske
89.6%
EricEric Hinske
89.6%
StreetHuston Street
88.8%
HustonHuston Street
88.8%
ThurmanThurman Munson
88.3%
MunsonThurman Munson
88.3%
SalmonTim Salmon
87.6%
TimTim Salmon
87.6%
First/Last Full Name % Correct
NeftaliNeftali Feliz
84.5%
FelizNeftali Feliz
84.5%
AparicioLuis Aparicio
83.5%
LuisLuis Aparicio
83.5%
DaveDave Righetti
83.2%
RighettiDave Righetti
83.2%
BerroaAngel Berroa
80.7%
AngelAngel Berroa
80.7%
MikeMike Hargrove
79.9%
HargroveMike Hargrove
79.9%
WaltWalt Weiss
77.4%
WeissWalt Weiss
77.4%
LynnFred Lynn
77.2%
FredFred Lynn
77.2%
BenBen Grieve
76.9%
GrieveBen Grieve
76.9%
MarkMark Fidrych
75.6%
FidrychMark Fidrych
75.6%
WhitakerLou Whitaker
75.4%
LouLou Whitaker
75.4%
SasakiKazuhiro Sasaki
75.1%
KazuhiroKazuhiro Sasaki
75.1%
ChamblissChris Chambliss
72.8%
ChrisChris Chambliss
72.8%
CordovaMarty Cordova
71.8%
MartyMarty Cordova
71.8%
BobbyBobby Crosby
69.3%
CrosbyBobby Crosby
69.3%
OlivaTony Oliva
68.3%
TonyTony Oliva
68.3%
PatPat Listach
65.2%
ListachPat Listach
65.2%
AndrewAndrew Bailey
61.7%
BaileyAndrew Bailey
61.7%
TommyTommy Agee
60.4%
AgeeTommy Agee
60.4%
HerbHerb Score
58.1%
ScoreHerb Score
58.1%
GreggGregg Olson
57.1%
OlsonGregg Olson
57.1%
AlfredoAlfredo Griffin
55.3%
KittleRon Kittle
55.3%
First/Last Full Name % Correct
RonRon Kittle
55.3%
GriffinAlfredo Griffin
55.3%
HamelinBob Hamelin
54.6%
BobBob Hamelin
54.6%
AlAl Bumbry
52%
BumbryAl Bumbry
52%
KubekTony Kubek
51.5%
TonyTony Kubek
51.5%
HarveyHarvey Kuenn
46.7%
KuennHarvey Kuenn
46.7%
JoeJoe Charboneau
44.4%
CharboneauJoe Charboneau
44.4%
GilGil McDougald
42.9%
McDougaldGil McDougald
42.9%
DropoWalt Dropo
42.1%
WaltWalt Dropo
42.1%
TomTom Tresh
41.6%
TreshTom Tresh
41.6%
AllisonBob Allison
41.6%
BobBob Allison
41.6%
DavisAlvin Davis
41.4%
AlvinAlvin Davis
41.4%
RoyRoy Sievers
40.1%
SieversRoy Sievers
40.1%
StanStan Bahnsen
32.5%
BahnsenStan Bahnsen
32.5%
BobBob Grim
32%
GrimBob Grim
32%
CurtCurt Blefary
31.5%
BlefaryCurt Blefary
31.5%
PetersGary Peters
28.7%
GaryGary Peters
28.7%
CastinoJohn Castino
26.4%
JohnJohn Castino
26.4%
HansenRon Hansen
25.9%
RonRon Hansen
25.9%
AlbieAlbie Pearson
25.6%
PearsonAlbie Pearson
25.6%
DonDon Schwall
24.4%
SchwallDon Schwall
24.4%
HarryHarry Byrd
19%
ByrdHarry Byrd
19%

You're not logged in!

Compare scores with friends on all Sporcle quizzes.
OR
Log In

Show Comments

Extras

Top Quizzes Today


Score Distribution

Your Account Isn't Verified!

In order to create a playlist on Sporcle, you need to verify the email address you used during registration. Go to your Sporcle Settings to finish the process.

Report this User

Report this user for behavior that violates our Community Guidelines.

Details: